Futbolista por trayectoria - Difícil - Estadísticas

Estadísticas generales
  • Esta prueba ha sido intentada 29 veces
    24 desde el último reinicio
  • La puntuación promedio es 5 de 10
Estadísticas de respuestas
Trayectoria Futbolista % Correcto
Espanyol B - Sant Andreu - Barça B - Brujas - Celta Ferran Jutglà
91%
Flamengo - Red Bull Bragantino - Napoli - Betis Natan
77%
Zurich - Borussia Monchengladbach - Young Boys - Eintracht Frankfurt - Sevilla Djibril Sow
64%
Madrid Castilla - Valladolid - Getafe Mario Martín
59%
Borussia Dortmund - Mallorca Mateu Morey
59%
Agde - Istres - Villarreal - Stade Bretons - Girona - City - Eibar - Newcastle - Alavés - Rayo Florian Lejeune
45%
Girona B - Barça B - Leganés - Girona - Elche - Granada - Rayo - Granada Gerard Gumbau
36%
Atlético B - Tenerife - Real Sociedad B - Andorra - Zaragoza - Valencia - Elche Germán Valera
27%
Hammarby IF - International Allies - Genk - Celta - Valladolid Joseph Aidoo
18%
Sporting - Espanyol - Deportivo José Gragera
0%
No se encontraron pruebas coincidentes
Distribución de puntuación
Porcentaje de gente con cada puntuación
Porcentaje por número respondido
Historial de tus puntuaciones
No has intentado esta prueba desde el último reinicio